000 00806nam a2200193Ii 4500
003 JO-AjNU
008 230605s9999||||xx |||||||||||||| ||und||
040 _aJO-AjNU
_bara
_erda
_cJO-AjNU
041 _aara
050 1 4 _aKMM139.3.J67.2001
100 3 _aنقابة المهندسين الأردنيين ,
_eauthor
_952207
245 0 0 _a قانون نقابة المهندسين الاردنيين رقم( 15 ) لسنة 1972 والقوانين المعدلة له
264 3 1 _aعمان : نقابة المهندسين الاردنيين ، 2001
300 _a73ص
336 _atext
_btxt
_2rdacontent
337 _aunmediated
_bn
_2rdamedia
338 _avolume
_bnc
_2rdacarrier
650 4 _aالنقابات العمالية -- قوانين وتشريعات -- الأردن -- الهندسة
_952208
999 _aA23113
_c26681
_d26681